Online
Catalog

Reiki / (Record no. 24074)

MARC details
000 -CABECERA
campo de control de longitud fija 01170nam a2200325 a 4500
001 - NÚMERO DE CONTROL
campo de control 000024581
005 - FECHA Y HORA DE LA ÚLTIMA TRANSACCIÓN
campo de control 20240410201344.0
008 - DATOS DE LONGITUD FIJA--INFORMACIÓN GENERAL
campo de control de longitud fija 110131s1994 sp r 000 0 spa d
020 ## - NÚMERO INTERNACIONAL ESTÁNDAR DEL LIBRO
Número Internacional Estándar del Libro 8477203121
040 ## - FUENTE DE LA CATALOGACIÓN
Centro catalogador/agencia de origen DO-SdBNP
Lengua de catalogación spa
Centro/agencia transcriptor BNPHU
041 17 - CÓDIGO DE LENGUA
Código de lengua del texto/banda sonora o título independiente spa
Código de lengua original eng
Fuente del código Código de idioma MARC
082 ## - NÚMERO DE LA CLASIFICACIÓN DECIMAL DEWEY
Número de clasificación 615.89
Número de documento/Ítem M958r, 1994
049 ## - FONDOS LOCALES (OCLC)
Fondos de biblioteca BNGR
100 1# - ENTRADA PRINCIPAL--NOMBRE DE PERSONA
Nombre de persona Müller, Brigitte,
Fechas asociadas al nombre 1957-
9 (RLIN) 50411
240 10 - TÍTULO UNIFORME
Título uniforme Reiki, heile dich selbst.
Lenguaje de la obra Español.
245 10 - MENCIÓN DE TÍTULO
Título Reiki /
Mención de responsabilidad, etc. Brigitte Müller, Horst H. Günter ; traducción, Claudia Fantl ; prólogo Peter Heitkämper.
250 ## - MENCIÓN DE EDICIÓN
Mención de edición 3a ed.
260 ## - PUBLICACIÓN, DISTRIBUCIÓN, ETC.
Lugar de publicación, distribución, etc. Barcelona, (España) :
Nombre del editor, distribuidor, etc. Ediciones Obelisco,
Fecha de publicación, distribución, etc. 1994.
300 ## - DESCRIPCIÓN FÍSICA
Extensión 243, [3] p. :
Otras características físicas il., retrs. ;
Dimensiones 21 cm.
490 1# - MENCIÓN DE SERIE
Mención de serie Nueva conciencia
534 ## - NOTA SOBRE LA VERSIÓN ORIGINAL
Encabezamiento principal del original Título original:
Mención de título del original Reiki, heile dich selbst.
500 ## - NOTA GENERAL
Nota general Título de la cubierta Reiki: cómo curar con la energía cósmica
650 #4 - PUNTO DE ACCESO ADICIONAL DE MATERIA--TÉRMINO DE MATERIA
Término de materia o nombre geográfico como elemento de entrada Medicina oriental
9 (RLIN) 50412
650 #4 - PUNTO DE ACCESO ADICIONAL DE MATERIA--TÉRMINO DE MATERIA
Término de materia o nombre geográfico como elemento de entrada Terapias físicas
9 (RLIN) 50413
650 #0 - PUNTO DE ACCESO ADICIONAL DE MATERIA--TÉRMINO DE MATERIA
Término de materia o nombre geográfico como elemento de entrada Medicina alternativa
9 (RLIN) 37050
650 #4 - PUNTO DE ACCESO ADICIONAL DE MATERIA--TÉRMINO DE MATERIA
Término de materia o nombre geográfico como elemento de entrada Curación mental
9 (RLIN) 50414
700 1# - PUNTO DE ACCESO ADICIONAL--NOMBRE DE PERSONA
Nombre de persona Fantl, Claudia
Término indicativo de función/relación tr.
9 (RLIN) 50415
700 1# - PUNTO DE ACCESO ADICIONAL--NOMBRE DE PERSONA
Nombre de persona Heitkämper, Peter
Término indicativo de función/relación pról.
9 (RLIN) 50416
830 #0 - PUNTO DE ACCESO ADICIONAL DE SERIE-TÍTULO UNIFORME
Título uniforme Nueva conciencia
9 (RLIN) 50417
Holdings
Estado de retiro Estado de pérdida Restricciones de uso No para préstamo Código de colección Localización permanente Ubicación/localización actual Ubicación en estantería Fecha de adquisición Número de inventario Total de préstamos Signatura topográfica completa Código de barras Fecha visto por última vez Precio válido a partir de Tipo de ítem Koha
        Monografías: Libros y Folletos General General En catalogación 31.01.2011 LF1   615.89 M958r, 1994 24581-10 25.06.2020 25.06.2020 Préstamo en sala

Powered by Koha